000 00400nam a2200109Ia 4500
008 160909s9999 xx 000 0 und d
100 _aDeScalo, Carlene
245 _aWhen to go Greek: A stratagem of mythical costuming for <i> Eurydice</i>
260 _bCalifornia State University, Long Beach.
_c2016
650 _aMULTIMEDIA ARTS
856 _uhttp://pqdtopen.proquest.com/doc/1786690457.html?FMT=ABS
999 _c304301
_d304301